000 00637nam a22001933a 4500
005 20230627063559.0
008 011016s1994 mx fr 000 0 spa d
020 _a9280311522
035 _aUPN01000114199
049 _aCG
050 4 _aLC65
_bT7.2
100 1 _aTsang, Mun C.
245 1 0 _aCost analysis of educational inclusion of marginalized populations /
_cMun C. Tsang.
260 _aParis :
_bUNESCO, International Institute for Educational Planning,
_c1994.
300 _a106, [2] p. :
_btablas
440 0 _aFundamentals of educational Planning ;
_v48
650 4 _aEducación
_xAspectos económicos
_911820
905 _aLibro
999 _c88107
_d88107